000 00633nam a2200253Ia 4500
003 OSt
005 20221007074231.0
006 a|||||r|||| 00| 0
007 ta
008 221006b |||||||| |||| 00| 0 eng d
020 _cRs.500/-
024 _a9,454
037 _cTextual
040 _aFLL
_cFLL
_beng
041 _2eng
_aeng
082 _aZ2,166, N7
100 _aMulla
_9683289
245 0 _aLaw of insolvency in India
250 _a4th
260 _aMumbai
_bN. M. Tripathi Pvt. Ltd. India
_c1997
300 _alii, 698p
_ccm.
942 _hZ2,166, N7
_cTEXL
_2CC
999 _c1151641
_d1151641